إذ قالت الملائكه يا مريم / (رقم التسجيلة. 39758)

تفاصيل مارك
000 -LEADER
fixed length control field 00635nam a22001817a 4500
005 - DATE AND TIME OF LATEST TRANSACTION
control field 20251108170111.0
008 - FIXED-LENGTH DATA ELEMENTS--GENERAL INFORMATION
fixed length control field 250721s1982 xx 000 0 ara d
082 14 - DEWEY DECIMAL CLASSIFICATION NUMBER
Classification number ط/ 211.8/شلب
100 1# - MAIN ENTRY--PERSONAL NAME
Personal name شلبي، سعد إسماعيل
Relator term مؤلف
245 10 - TITLE STATEMENT
Title إذ قالت الملائكه يا مريم /
264 1# - PRODUCTION, PUBLICATION, DISTRIBUTION, MANUFACTURE, AND COPYRIGHT NOTICE
Place of production, publication, distribution, manufacture القاهره :
Name of producer, publisher, distributor, manufacturer دار الفكر العربي،
Date of production, publication, distribution, manufacture, or copyright notice 1982.
300 ## - PHYSICAL DESCRIPTION
Extent 32ص.
490 0# - SERIES STATEMENT
Series statement أطفالنا في رحاب القرآن الكريم : آيات و قصه
Volume/sequential designation 12
650 17 - SUBJECT ADDED ENTRY--TOPICAL TERM
Topical term or geographic name as entry element قصص القرآن
653 ## - INDEX TERM--UNCONTROLLED
Uncontrolled term أطفال مرحلة متوسطة (6-9 سنوات)
942 ## - ADDED ENTRY ELEMENTS (KOHA)
Source of classification or shelving scheme Dewey Decimal Classification
Koha item type كتب
المقتنيات
حالة السحب حالة الفقدان مصدر التصنيف حالة التلف غير قابل للإعارة المكتبة الرئيسية المكتبة الحالية موقع الرف تاريخ التزويد الرقم المتسلسل Total Checkouts رقم الإستدعاء تاريخ آخر ظهور تاريخ الفاتورة نوع المادة (كوها) الباركود
    Dewey Decimal Classification     المكتبة المركزية المكتبة المركزية الأطفال 01/02/2012 1509496   ط/ 211.8/شلب 28/07/2025 01/02/2012 كتب PLD00239187
    Dewey Decimal Classification Unchecked   مكتبة البشائر للأطفال مكتبة البشائر للأطفال الإعارة 28/07/2025 334600   ط/ 211.8/شلب 28/07/2025 28/07/2025 كتب  
    Dewey Decimal Classification     مكتبة أم المؤمنين للأطفال مكتبة أم المؤمنين للأطفال الأطفال 28/07/2025 419737   ط/ 211.8/شلب 28/07/2025 28/07/2025 كتب 419737
    Dewey Decimal Classification     مكتبة البراءة للأطفال مكتبة البراءة للأطفال الأطفال 13/04/2014 334603   ط/ 211.8/شلب 28/07/2025 13/04/2014 كتب PLD00298805
    Dewey Decimal Classification     مكتبة البراعم الواعدة مكتبة البراعم الواعدة الأطفال 13/07/2015 1600948   ط/ 211.8/شلب 28/07/2025 13/07/2015 كتب PLD00337792
    Dewey Decimal Classification Unchecked   مكتبة الحسن العامة مكتبة الحسن العامة الأطفال 06/07/2004 1124   ط/ 211.8/شلب 28/07/2025 06/07/2004 كتب  
    Dewey Decimal Classification     مكتبة النصر العامة مكتبة النصر العامة الأطفال 02/05/2015 334614   ط/ 211.8/شلب 28/07/2025 02/05/2015 كتب PLD00387130
    Dewey Decimal Classification     مكتبة وادي السير العامة مكتبة وادي السير العامة الأطفال 16/11/2015 334607.   ط/ 211.8/شلب 28/07/2025 16/11/2015 كتب PLD00364788
Implemented & Customized by: BBB with SCIT (Smart Chains for Information Technology)

Powered by Koha